| 000 | 01010nam a2200241 a 4500 | ||
|---|---|---|---|
| 001 | 59059 | ||
| 003 | BD-RjUL | ||
| 005 | 20211209080705.0 | ||
| 008 | 161220s2005 bg ||||| |||| 00| p ben d | ||
| 020 |
_a9848557601 _c: Tk. 150.00 |
||
| 035 | _a(BD-RjUL) 59183 | ||
| 040 |
_aBD-RjUL _bben _cBD-RjUL _dBD-RjUL |
||
| 041 | _aben | ||
| 082 |
_223 _a305.4 _bNAR 2005 |
||
| 245 | 1 | 0 |
_aনারী ও সমাজ : _bসংবানপত্রের পৃষ্ঠা থেকে / _cসংকলন ও সম্পাদনা নমিতা খান, ভূমিকা গীতি আরা নাসরীন |
| 260 |
_aঢাকা : _bসূচীপত্র, _c২০০৫ |
||
| 300 |
_a২০৭ পৃ. ; _c২১ সেমি. |
||
| 650 |
_aনারী _9147985 |
||
| 650 |
_aWoman _9147986 |
||
| 700 |
_aখান, নমিতা সংকলন ও সম্পাদনা _9175647 |
||
| 700 |
_aনাসরীন, গীতি আরা ভূমিকা _9175648 |
||
| 942 |
_2ddc _cBK |
||
| 999 |
_c59059 _d59059 |
||